Aubergine Enterprises Ltd v Lakewood International Ltd (Record no. 71306)
[ view plain ]
| 000 -LEADER | |
|---|---|
| fixed length control field | 02001cam a2200253 4500 |
| 001 - CONTROL NUMBER | |
| control field | ABS65967 |
| 008 - FIXED-LENGTH DATA ELEMENTS--GENERAL INFORMATION | |
| fixed length control field | 021004n2002 000 0 eng u |
| 035 ## - SYSTEM CONTROL NUMBER | |
| System control number | (Sirsi) u120000 |
| 245 ## - TITLE STATEMENT | |
| Title | Aubergine Enterprises Ltd v Lakewood International Ltd |
| 260 ## - PUBLICATION, DISTRIBUTION, ETC. | |
| Date of publication, distribution, etc. | 2002 |
| 490 ## - SERIES STATEMENT | |
| Series statement | Weekly Law Reports |
| Volume/sequential designation | [2002] 1 WLR 2149-2182(34) |
| 520 ## - SUMMARY, ETC. | |
| Summary, etc. | [2002] EWCA Civ 177, 25 February 2002. Appeal by the claimant (A) against the dismissal of its claim for a declaration that it had lawfully rescinded a contract for the assignment to it of the defendant's (L) leasehold interest in certain premises and was consequently entitled to the return of its 5% deposit paid on exchange of contracts. The lease contained a prohibition on assignment save with the landlord's consent in writing (not to be unreasonably withheld). It was held that the consent did not have to be in writing for the purposes of the Standard Conditions of Sale third edition - condition 8.3.4.and had in fact been sufficiently given in the correspondence even though the formal licence to assign was not to hand. "Held" appeal dismissed. Consent by correspondence for the purposes of condition 8.3.4 even if subject to licence or to other conditions agreed but not necessarily fulfilled by the completion date, could amount to consent to the assignment. In this case consent was clearly contained in the correpsondence and consent had been given well outside the three working days prescribed limit. View judgment at www.courtservice.gov.uk/. |
| 590 ## - LOCAL NOTE (RLIN) | |
| Local note | ABS |
| 650 ## - SUBJECT ADDED ENTRY--TOPICAL TERM | |
| Topical term or geographic name entry element | ASSIGNMENT OF LEASES |
| 650 ## - SUBJECT ADDED ENTRY--TOPICAL TERM | |
| Topical term or geographic name entry element | STANDARD CONDITIONS OF SALE |
| 650 ## - SUBJECT ADDED ENTRY--TOPICAL TERM | |
| Topical term or geographic name entry element | LEASEHOLD INTEREST |
| 650 ## - SUBJECT ADDED ENTRY--TOPICAL TERM | |
| Topical term or geographic name entry element | RESCISSION OF CONTRACT |
| 650 ## - SUBJECT ADDED ENTRY--TOPICAL TERM | |
| Topical term or geographic name entry element | MOUNT EDEN LAND V PRUDENTIAL ASSURANCE |
| 650 ## - SUBJECT ADDED ENTRY--TOPICAL TERM | |
| Topical term or geographic name entry element | CONSENTS |
| 650 ## - SUBJECT ADDED ENTRY--TOPICAL TERM | |
| Topical term or geographic name entry element | AUBERGINE ENTERPRISES LTD V LAKEWOOD INTERNATIONAL LTD |
| 690 ## - LOCAL SUBJECT ADDED ENTRY--TOPICAL TERM (OCLC, RLIN) | |
| Topical term or geographic name as entry element | LANDLORD AND TENANT-LEASES-CASE LAW |
| 856 ## - ELECTRONIC LOCATION AND ACCESS | |
| Uniform Resource Identifier | <a href="https://www.courtservice.gov.uk/View.do?id=1000">https://www.courtservice.gov.uk/View.do?id=1000</a> |
| Hours access method available | View judgment on the Court Service website... |
| 942 ## - ADDED ENTRY ELEMENTS (KOHA) | |
| Suppress in OPAC | 0 |
| Withdrawn status | Lost status | Source of classification or shelving scheme | Damaged status | Not for loan | Home library | Current library | Shelving location | Date acquired | Total Checkouts | Full call number | Barcode | Date last seen | Copy number | Price effective from | Koha item type |
|---|---|---|---|---|---|---|---|---|---|---|---|---|---|---|---|
| Dewey Decimal Classification | London | London | Journal article | 04/10/2002 | ABS65967 | 120000-1001 | 06/08/2019 | 1 | 06/08/2019 | Law report |